Vplyv terapie PPAR gama a Nrf2 u hypertenzných zvierat a bunkových modelov

Salvato in:
Dettagli Bibliografici
Autore principale: Paurová, Adriána (Autore)
Altri autori: Dovinová, Ima (Relatore della tesi)
Natura: Manoscritto Libro
Lingua:slovacco
Pubblicazione: 2021
Soggetti:
Accesso online:http://is.stuba.sk/zp/portal_zp.pl?podrobnosti=159895
Tags: Aggiungi Tag
Nessun Tag, puoi essere il primo ad aggiungerne!!

MARC

LEADER 00000ntm a22000003a 4500
001 stuzp82568
003 SK-STU
005 20210605210256.9
007 ta
008 150427s2015----xo-----f-mn---000-0-slo-d
040 |a STU  |b slo 
041 0 |a slo 
100 1 |a Paurová, Adriána  |u 043000  |4 aut  |U FCHPT Fakulta chemickej a potravinárskej technológie  |T FCHPT Ústav biochémie a mikrobiológie  |X 106094  |U C3000  |Y 101  |7 106094 
242 0 1 |a Influence of PPAR gamma and Nrf2 therapy in hypertensive animals and cell models  |y eng 
245 1 0 |a Vplyv terapie PPAR gama a Nrf2 u hypertenzných zvierat a bunkových modelov 
260 |c 2021 
650 4 |a oxidačný stres  |2 slo 
650 4 |a PPARγ  |2 slo 
650 4 |a Nrf2  |2 slo 
650 4 |a hypertenzia  |2 slo 
650 4 |a oxidative stress  |2 eng 
650 4 |a PPARγ  |2 eng 
650 4 |a Nrf2  |2 eng 
650 4 |a hypertension  |2 eng 
700 1 |a Dovinová, Ima  |u 043000  |k Z8  |4 ths  |U FCHPT Fakulta chemickej a potravinárskej technológie  |T FCHPT Ústav biochémie a mikrobiológie  |X 46742  |U C3000  |Y 101  |7 46742 
856 4 |u http://is.stuba.sk/zp/portal_zp.pl?podrobnosti=159895